[Event "NRW Class1 1516"]
[Site "Germany"]
[Date "2016.05.08"]
[Round "9.8"]
[White "Dette, Jan"]
[Black "El Mali, Naufel"]
[Result "0-1"]
[WhiteElo "1918"]
[BlackElo "2092"]
[PlyCount "100"]
[EventDate "2015.09.27"]
[EventType "team-tourn"]
[EventRounds "9"]
[EventCountry "GER"]
[SourceTitle "EXT 2017"]
[Source "ChessBase"]
[SourceDate "2016.10.25"]
[SourceVersion "1"]
[SourceVersionDate "2016.10.25"]
[SourceQuality "1"]
[WhiteTeam "Katernberg II"]
[BlackTeam "Wuppertal Bahn"]
[WhiteTeamCountry "GER"]
[BlackTeamCountry "GER"]

1. e4 e6 2. d4 d5 3. Nd2 Be7 4. e5 Nh6 5. Bd3 c5 6. c3 Nc6 7. Ne2 Nf5 8. Nf3 cxd4 9. cxd4 Qb6 10. 0-0 0-0 11. a3 f6 12. g4 fxe5 13. Bxf5 exf5 14. dxe5 fxg4 15. Qxd5+ Kh8 16. Nd2 g3 17. hxg3 Bh3 18. Nc4 Qb3 19. Ne3 Qxd5 20. Nxd5 Bxf1 21. Kxf1 Bc5 22. Bf4 g5 23. Bxg5 Rxf2+ 24. Ke1 Rh2 25. Bf6+ Kg8 26. Rc1 Rh1+ 27. Kd2 Rxc1 28. Kxc1 Kf7 29. Nef4 Nd4 30. g4 Rc8 31. Kb1 h6 32. g5 hxg5 33. Bxg5 Ne6 34. Bf6 Nxf4 35. Nxf4 Be7 36. Bxe7 Kxe7 37. Nd3 Ke6 38. Nc1 Kxe5 39. Na2 Rh8 40. Nc3 Rh2 41. Ka2 a6 42. a4 Kd4 43. Kb3 Rg2 44. Nd1 Rg6 45. Ka3 a5 46. Nc3 Rg3 47. Ka2 Rxc3 48. bxc3+ Kxc3 49. Ka3 Kc4 50. Ka2 Kb4 0-1